00472nam a2200193 a 45000010005000000030009000050080041000140400028000550820012000831000017000952450025001122500007001372600035001443000010001794900026001896500023002156500021002386500019002595986CO-ViMGA141112s2004 ck r 000 u spa d aCO-ViMGAbspacCO-ViMGA04aBLYci381 aBlyton, Enid10aLos cinco en peligro a2a aBarcelona : bJuventud, c1970 a159 p aClub de los cinco, 3814aCUENTOS INFANTILES14aCUENTOS INGLESES14aNOVELA INGLESA